000 01025cam a2200289 i 4500
001 bg
003 KOSZ 005
005 20191008075731.0
008 010112s2000 pl a f f |000 0 pol
015 _aPB 2001/1187
020 _a8301132086
040 _aWA N
_cKOSZ 005/HR
080 _a620.17
080 _a(075.8+076)
245 0 0 _aĆwiczenia laboratoryjne z wytrzymałości materiałów :
_bpraca zbiorowa /
_cpod red. Mirosława Banasiaka ; aut. Andrzej Młotkowski [et al.].
250 _aWyd. 4 zm.
260 _aWarszawa :
_bWydaw. Naukowe PWN,
_c2000.
300 _a224 s. :
_bil. ;
_c24 cm.
504 _aBibliogr.
650 4 _aWytrzymałość materiałów
655 4 _aĆwiczenia laboratoryjne dla szkół wyższych
700 1 _aBanasiak, Mirosław.
_eRed.
700 1 _aMłotkowski, Andrzej.
710 2 _aWydawnictwo Naukowe PWN
_4pbl.
856 _uhttp://koha.tu.koszalin.pl/cgi-bin/koha/opac-detail.pl?biblionumber=40706
_yKatalog online BPK
942 _2UKD
_cKS
999 _c40706
_d40706